Курс общей физики: в 5 кн.; учебное пособие для втузов

Dades bibliogràfiques
Autor principal: Савельев И. В. Игорь Владимирович
Idioma:rus
Publicat: Москва, Астрель, 2005
Format: MixedMaterials Llibre
KOHA link:https://koha.lib.tpu.ru/cgi-bin/koha/opac-detail.pl?biblionumber=106661

MARC

LEADER 00000nam1a2200000 4500
001 106661
005 20231031114958.0
010 |a 5170089627 
010 |a 5-271-01033-3 
035 |a (RuTPU)RU\TPU\book\115175 
090 |a 106661 
100 |a 20061211d2005 m y0rusy50 ca 
101 0 |a rus 
102 |a RU 
200 1 |a Курс общей физики  |e в 5 кн.  |e учебное пособие для втузов  |f И. В. Савельев 
210 |a Москва  |c Астрель  |c АСТ  |d 2005 
700 1 |a Савельев  |b И. В.  |g Игорь Владимирович 
801 2 |a RU  |b 63413507  |c 20061211  |g PSBO 
942 |c BK